New Zealand Rugby All Blacks - Born in Tonga - Statistics

General Stats
  • This quiz has been taken 203 times
    18 since last reset
  • The average score is 3 of 14
Answer Stats
Tests Player % Correct
23 Malakai Fekitoa
73%
17 Pita Alatini
33%
23 Samisoni Taukei'aho
33%
4 Isitolo Maka
27%
46 Ofa Tu'ungafasi
27%
17 Sione Lauaki
27%
11 Vaea Fifita
27%
28 Shannon Frizzell
13%
3 Leicester Fainga'anuku
7%
3 Saimone Taumoepeau
7%
6 Charles Reichelmann
0%
2 Folau Fakatava
0%
0 (1 game) Kupu Vanisi
0%
1 Samipeni Finau
0%
No matching quizzes found
Score Distribution
Percent of People with Each Score
Percentile by Number Answered
Your Score History
You have not taken this quiz since the last reset